000 00966nas a2200325 4500
001 BR2013008087
003 BR-BrBNA
005 20231205123101.0
007 ta
008 230509b bl.|||p| |||| 00| 00por d
040 _aBR-BrBNA
_bpor
_cBiblioteca Nacional de Agricultura
041 _a(En)
072 _aL02
100 1 _aSantos, J.P.F.
100 1 _aSaad, F.M.O.B.
100 1 _aMaia, G.V.C.
100 1 _aPires, C.P.
100 1 _aReis, J.S.
100 1 _aRoque, N.C.
100 1 _aAquino, A.A.
100 1 _aBrunetto, M.A.
245 1 _aInclusion of Yucca schidigera and zeolite in dog feed: influence on mineral excretion
650 _aCÃO
650 _aAGAVACEAE
650 _aSUPLEMENTO ALIMENTAR
650 _aDIETA
773 0 _tArquivo Brasileiro de Medicina Veterinária e Zootecnia (Brazil)
_xISSN 0102-0935
_g(Jul 2013), v. 65(3) p. 918-926
_wBR2013008087
909 _a202311
_bLúcia
_c55
_dLúcia Elande
942 _2AGRIS
_n0
_cANA
999 _c232092
_d232092